Countries with Consulates in Belfast - Statistics

General Stats
  • This quiz has been taken 78 times
    9 since last reset
  • The average score is 33 of 37
Answer Stats
Country % Correct
Belgium
100%
Brazil
100%
Canada
100%
Chile
100%
China
100%
Denmark
100%
Finland
100%
France
100%
Greece
100%
Hungary
100%
India
100%
Italy
100%
Mexico
100%
Netherlands
100%
Norway
100%
Poland
100%
Portugal
100%
Slovakia
100%
Slovenia
100%
Spain
100%
Sweden
100%
Switzerland
100%
United States
100%
Bulgaria
88%
Cyprus
88%
Estonia
88%
New Zealand
88%
Turkey
88%
Guatemala
75%
Iceland
75%
Latvia
75%
Malta
75%
Mauritius
63%
Saint Vincent and the Grenadines
63%
Namibia
38%
Malawi
25%
Mongolia
25%
No matching quizzes found
Score Distribution
Percent of People with Each Score
Percentile by Number Answered
Your Score History
You have not taken this quiz since the last reset